El vampiro /
Gespeichert in:
| 1. Verfasser: | |
|---|---|
| Format: | Buch |
| Sprache: | Spanish |
| Veröffentlicht: |
Tegucigalpa, Honduras :
Editorial Baktun,
[2014].
|
| Ausgabe: | 35. edición |
| Schlagworte: | |
| Tags: |
Tag hinzufügen
Keine Tags, Fügen Sie den ersten Tag hinzu!
|
MARC
| LEADER | 00000nam a22000007a 4500 | ||
|---|---|---|---|
| 008 | 230809b |||||||| |||| 00| 0 spa d | ||
| 041 | |a spa | ||
| 082 | 0 | 4 | |a Ho863.3 |b T932v2 |
| 100 | 1 | |a Turcios, Froylán |d 1875-1943 |e autor(a) | |
| 245 | 1 | 3 | |a El vampiro / |c Froilán Turcios. |
| 250 | |a 35. edición | ||
| 260 | 1 | |a Tegucigalpa, Honduras : |b Editorial Baktun, |c [2014]. | |
| 300 | |a 144 páginas | ||
| 650 | |a LITERATURA HONDUREÑA |v NOVELA | ||
| 650 | |a VAMPIROS | ||
| 942 | |2 ddc |c BK |h Ho863.3 T932v2 |6 HO_863_300000000000000_T932V2 | ||
| 999 | |c 22285 |d 22285 | ||
